Městská doprava III : Základy teorie a praxe /
Uložené v:
| Hlavný autor: | |
|---|---|
| Médium: | Kniha |
| Jazyk: | Czech |
| Vydavateľské údaje: |
Praha :
NADAS,
1986
|
| Tagy: |
Žiadne tagy, Buďte prvý, kto otaguje tento záznam!
|
MARC
| LEADER | 00000nam a22000003a 4500 | ||
|---|---|---|---|
| 001 | stu28586 | ||
| 005 | 20150617225741.3 | ||
| 008 | 950406s1986----xr------------------cze-d | ||
| 040 | |a STU |b slo | ||
| 041 | 0 | |a cze | |
| 044 | |a xr | ||
| 080 | |a 656(1-21) | ||
| 100 | 1 | |a Lacek, Mikuláš |4 aut | |
| 245 | 1 | |a Městská doprava III : |b Základy teorie a praxe / |c [aut]Lacek,Mikuláš | |
| 260 | |a Praha : |b NADAS, |c 1986 | ||
| 300 | |a 262 s | ||
| 996 | |c V*37564/O-15705a |l VV2 |s P |a 0 |w stu28586_0001 | ||
| 996 | |c V*35738/O-14851a |l VV2 |s P |a 0 |w stu28586_0002 | ||
| 996 | |c V*35739/O-14851b |l VV2 |s P |a 0 |w stu28586_0003 | ||